000 00405nam a22001577a 4500
003 OSt
005 20260319152550.0
008 260319b |||||||| |||| 00| 0 eng d
020 _a978-81-224-3446-0
040 _cIIMT UNIVERSITY
100 _aARORA, RAMESH K
245 _aINDIAN PUBLIC ADMINISTRATION INSTITUTIONS AND ISSUES
260 _aNEW DELHI
_bNEW AGE
_c2020
300 _a879
942 _2ddc
_c01
999 _c67299
_d67299